| 000 -LEADER |
| fixed length control field |
00746nam a2200265Ia 4500 |
| 001 - CONTROL NUMBER |
| control field |
22441 |
| 003 - CONTROL NUMBER IDENTIFIER |
| control field |
GE_BSU |
| 005 - DATE AND TIME OF LATEST TRANSACTION |
| control field |
20230313113450.0 |
| 008 - FIXED-LENGTH DATA ELEMENTS--GENERAL INFORMATION |
| fixed length control field |
181216s2013||||fr |||||||||||||| ||fre|| |
| 020 ## - INTERNATIONAL STANDARD BOOK NUMBER |
| International Standard Book Number |
9782011558145 |
| 040 ## - CATALOGING SOURCE |
| Transcribing agency |
GE_BSU |
| 041 ## - LANGUAGE CODE |
| Language code of text/sound track or separate title |
fre |
| 080 ## - UNIVERSAL DECIMAL CLASSIFICATION NUMBER |
| Universal Decimal Classification number |
811.133.1D-70 |
| 100 ## - MAIN ENTRY--PERSONAL NAME |
| Personal name |
Dollez, Catherine |
| 9 (RLIN) |
17179 |
| 245 ## - TITLE STATEMENT |
| Title |
Alter Ego Methode de Frangais B1. 3 / |
| Statement of responsibility, etc. |
Catherine Dollez, Silvie Pons. |
| 264 ## - PRODUCTION, PUBLICATION, DISTRIBUTION, MANUFACTURE, AND COPYRIGHT NOTICE |
| Place of production, publication, distribution, manufacture |
Paris : |
| Name of producer, publisher, distributor, manufacturer |
Hachette, |
| Date of production, publication, distribution, manufacture, or copyright notice |
2013. |
| 300 ## - PHYSICAL DESCRIPTION |
| Extent |
223 p. : |
| Other physical details |
ill. ; |
| Dimensions |
29 cm. |
| Accompanying material |
+1CD |
| 653 ## - INDEX TERM--UNCONTROLLED |
| keyword |
Alter Ego |
| 653 ## - INDEX TERM--UNCONTROLLED |
| keyword |
Methode de Frangais |
| 653 ## - INDEX TERM--UNCONTROLLED |
| keyword |
გრამატიკა |
| 653 ## - INDEX TERM--UNCONTROLLED |
| keyword |
ფრანგული ენა |
| 700 ## - ADDED ENTRY--PERSONAL NAME |
| Personal name |
Pons, Silvie |
| Relator term |
by |
| 9 (RLIN) |
17180 |
| 942 ## - ADDED ENTRY ELEMENTS (KOHA) |
| Koha item type |
წიგნი |
| Source of classification or shelving scheme |
|